<?xml version="1.0" encoding="UTF-8"?><?xml-stylesheet type="text/xsl" href="static/style.xsl"?><OAI-PMH xmlns="http://www.openarchives.org/OAI/2.0/" xmlns:xsi="http://www.w3.org/2001/XMLSchema-instance" xsi:schemaLocation="http://www.openarchives.org/OAI/2.0/ http://www.openarchives.org/OAI/2.0/OAI-PMH.xsd"><responseDate>2026-04-17T03:01:59Z</responseDate><request verb="GetRecord" identifier="oai:www.recercat.cat:2072/395048" metadataPrefix="marc">https://recercat.cat/oai/request</request><GetRecord><record><header><identifier>oai:recercat.cat:2072/395048</identifier><datestamp>2025-09-25T22:57:50Z</datestamp><setSpec>com_2072_98</setSpec><setSpec>col_2072_378192</setSpec></header><metadata><record xmlns="http://www.loc.gov/MARC21/slim" xmlns:dcterms="http://purl.org/dc/terms/" xmlns:xsi="http://www.w3.org/2001/XMLSchema-instance" xmlns:doc="http://www.lyncode.com/xoai" xsi:schemaLocation="http://www.loc.gov/MARC21/slim http://www.loc.gov/standards/marcxml/schema/MARC21slim.xsd">
   <leader>00925njm 22002777a 4500</leader>
   <datafield ind2=" " ind1=" " tag="042">
      <subfield code="a">dc</subfield>
   </datafield>
   <datafield ind2=" " ind1=" " tag="720">
      <subfield code="a">Piqué, À.</subfield>
      <subfield code="e">author</subfield>
   </datafield>
   <datafield ind2=" " ind1=" " tag="720">
      <subfield code="a">Canals i Sabaté, Àngels</subfield>
      <subfield code="e">author</subfield>
   </datafield>
   <datafield ind2=" " ind1=" " tag="720">
      <subfield code="a">Disnar, J. R.</subfield>
      <subfield code="e">author</subfield>
   </datafield>
   <datafield ind2=" " ind1=" " tag="720">
      <subfield code="a">Grandia, F.</subfield>
      <subfield code="e">author</subfield>
   </datafield>
   <datafield ind2=" " ind1=" " tag="260">
      <subfield code="c">2009</subfield>
   </datafield>
   <datafield ind2=" " ind1=" " tag="520">
      <subfield code="a">Organic matter is thought to play a role in the genesis of many Mississippi Valley-type (MVT) deposits, acting as a reducing agent during thermochemical sulfate reduction (TSR). Although TSR is an extremely slow reaction t low temperatures (&lt;100ºC), under favorable conditions it may supply the necessary reduced sulfur during ore formation. To test this hypothesis, the Itxaspe Zn-(Pb) MVT occurrence in the Basque-Cantabrian basin (Northern Spain) was studied. Sphalerite, the main ore phase, is generally found disseminated in Urgonian (Lower Cretaceous) carbonates, and in close relationship with solid bitumen. The bitumen source rock was very likely deposited in a marine marginal setting. Differences in composition of the bitumen samples are attributed to a fractionation during hydrocarbon expulsion and/or migration. The fluids involved in ore deposition were low temperature (Th ~130ºC), Na-Ca-Cl-(K-Mg)-type brines (salinities ~12.5 equiv. mass % NaCl). The origin of brine solutes (including sulfate) is related to the dissolution of Mesozoic evaporite units, although the contribution of evaporated seawater brines cannot be ruled out. The temperatures of ore deposition, the close relationship between the bitumen and ore phases, the presence of aromatic sulfur-bearing compounds and the d34S of sulfides and sulfates are consistent with an in situ TSR during ore formation in the Itxaspe Zn-(Pb) occurrence. Therefore, at least for small mineralizations like Itxaspe, our conclusion is that the necessary reduced sulfur can be supplied by TSR during ore genesis at the site of metal deposition.</subfield>
   </datafield>
   <datafield tag="653" ind2=" " ind1=" ">
      <subfield code="a">Bitumen</subfield>
   </datafield>
   <datafield tag="653" ind2=" " ind1=" ">
      <subfield code="a">Thermochemical sulfate reduction</subfield>
   </datafield>
   <datafield tag="653" ind2=" " ind1=" ">
      <subfield code="a">Mississippi Valley-type deposits</subfield>
   </datafield>
   <datafield tag="653" ind2=" " ind1=" ">
      <subfield code="a">Basque-Cantabrian basin</subfield>
   </datafield>
   <datafield ind2="0" ind1="0" tag="245">
      <subfield code="a">In situ thermochemical sulfate reduction during ore formation at the Itxaspe Zn-(Pb) MVT occurrence (Basque-Cantabrian basin, Northern Spain)</subfield>
   </datafield>
</record></metadata></record></GetRecord></OAI-PMH>